[Event "CZE-chT2F 1112"]
[Site "Czech Republic"]
[Date "2011.11.06"]
[Round "2.3"]
[White "Kana, Pavel"]
[Black "Mrva, Marek"]
[Result "1/2-1/2"]
[WhiteElo "2052"]
[BlackElo "2211"]
[PlyCount "53"]
[EventDate "2011.10.09"]
[EventType "team-tourn"]
[EventRounds "11"]
[EventCountry "CZE"]
[SourceTitle "EXT 2013"]
[Source "ChessBase"]
[SourceDate "2012.11.22"]
[SourceVersion "1"]
[SourceVersionDate "2012.11.22"]
[SourceQuality "1"]
[WhiteTeam "Koprivnice Tatra"]
[BlackTeam "Ostrava Mittal"]
[WhiteTeamCountry "CZE"]
[BlackTeamCountry "CZE"]

1. e4 c5 2. Nf3 Nc6 3. g3 g6 4. Bg2 Bg7 5. 0-0 e6 6. Re1 Nge7 7. c3 d5 8. d3 0-0 9. Bg5 Qc7 10. Qc1 dxe4 11. dxe4 e5 12. Na3 Be6 13. Be3 b6 14. Ng5 Bc8 15. Nb5 Qb8 16. Rd1 f6 17. Nf3 Be6 18. Qc2 a6 19. Na3 Qc7 20. Rd2 Rfd8 21. Rad1 Rxd2 22. Rxd2 Nc8 23. b3 Nd6 24. Nb1 Bf8 25. Rd1 a5 26. c4 Rc8 27. Nc3 1/2-1/2

[Event "Ostrava Konik op-A"]
[Site "Ostrava"]
[Date "2011.05.06"]
[Round "7"]
[White "Kana, Pavel"]
[Black "Olsar, Jaroslav"]
[Result "1-0"]
[WhiteElo "2062"]
[BlackElo "2262"]
[PlyCount "47"]
[EventDate "2011.04.30"]
[EventType "swiss"]
[EventRounds "9"]
[EventCountry "CZE"]
[SourceTitle "CBM 142 Extra"]
[Source "ChessBase"]
[SourceDate "2011.06.27"]
[SourceVersion "1"]
[SourceVersionDate "2011.06.27"]
[SourceQuality "1"]

1. e4 e5 2. Nf3 Nc6 3. d4 exd4 4. c3 dxc3 5. Nxc3 Bb4 6. Bc4 d6 7. 0-0 Bxc3 8. bxc3 Nf6 9. e5 Nxe5 10. Nxe5 dxe5 11. Qb3 Qe7 12. Ba3 c5 13. Bb5+ Bd7 14. Bxd7+ Qxd7 15. Bxc5 Ne4 16. Ba3 Nd2 17. Qb4 Nxf1 18. Rd1 Nd2 19. Rxd2 Qc7 20. Qb5+ Qc6 21. Qxe5+ Qe6 22. Qb5+ Qc6 23. Qe2+ Qe6 24. Qd1 1-0

[Event "Ostrava Konik op-A"]
[Site "Ostrava"]
[Date "2011.05.03"]
[Round "4"]
[White "Vachtfeidl, Petr"]
[Black "Kana, Pavel"]
[Result "0-1"]
[WhiteElo "1981"]
[BlackElo "2062"]
[PlyCount "50"]
[EventDate "2011.04.30"]
[EventType "swiss"]
[EventRounds "9"]
[EventCountry "CZE"]
[SourceTitle "CBM 142 Extra"]
[Source "ChessBase"]
[SourceDate "2011.06.27"]
[SourceVersion "1"]
[SourceVersionDate "2011.06.27"]
[SourceQuality "1"]

1. e4 c5 2. Nf3 e6 3. Nc3 a6 4. d4 cxd4 5. Nxd4 Qc7 6. Bd3 Bc5 7. Nb3 Be7 8. Qg4 Nf6 9. Qxg7 Rg8 10. Qh6 d6 11. 0-0 Nbd7 12. h3 Ne5 13. Qe3 b5 14. f4 Nc4 15. Bxc4 Qxc4 16. Qd3 Qc7 17. Be3 b4 18. e5 bxc3 19. exf6 Bb7 20. Rf2 Bxf6 21. Bd4 Bh4 22. Re2 Qc6 23. Na5 Rxg2+ 24. Kf1 Rf2+ 25. Bxf2 Qg2+ 0-1